Emplazamiento del seguro en la teoría general de la responsabilidad civil (Record no. 10704)
[ view plain ]
| 000 -CABECERA | |
|---|---|
| campo de control de longitud fija | 00517caa a22001452a 4500 |
| 001 - NÚMERO DE CONTROL | |
| campo de control | 004882 |
| 003 - IDENTIFICADOR DEL NÚMERO DE CONTROL | |
| campo de control | AR-FADEU |
| 008 - DATOS DE LONGITUD FIJA--INFORMACIÓN GENERAL | |
| campo de control de longitud fija | 311216n########xxu####################dd |
| 092 ## - ASIGNACIÓN LOCAL DE SIGNATURA TOPOGRÁFICA DEWEY (OCLC) | |
| Número de clasificación | 340.02 |
| Número de documento/Ítem | R429 |
| 100 ## - ENTRADA PRINCIPAL--NOMBRE DE PERSONA | |
| Nombre de persona | Stiglitz, Rubén S. |
| 245 ## - MENCIÓN DE TÍTULO | |
| Título | Emplazamiento del seguro en la teoría general de la responsabilidad civil |
| 300 ## - DESCRIPCIÓN FÍSICA | |
| Extensión | PP. 717-728 |
| 500 ## - NOTA GENERAL | |
| Nota general | En: La responsabilidad. Homenaje al profesor doctor Isidoro H. Goldenberg. /ed. Atilio Aníbal Alterini. Buenos Aires : Abeledo-Perrot, 1995 |
| 942 ## - ELEMENTOS DE PUNTO DE ACCESO ADICIONAL (KOHA) | |
| Tipo de ítem Koha | BDGR |
No items available.